000 00524nam a2200169Ia 4500
008 090711s9999 xx 000 0 und d
082 _b62829
100 _aराजपूत रघुवीरसिंह
245 _aप्रतीक्षा
260 _c1989
300 _a101
600 _aराजपूत रघुवीरसिंह
630 _aप्रतीक्षा
700 _aराजपूत रघुवीरसिंह
730 _aप्रतीक्षा
942 _cBOOK
999 _c296007
_d296007